000 01804cam a2200181 4500500
005 20251012013206.0
041 _afre
042 _adc
100 1 0 _aMunoz, M.-A.
_eauthor
700 1 0 _a Beaudet, P.
_eauthor
700 1 0 _a Lintz, F.
_eauthor
245 0 0 _aCone beam: A 3D X-ray as a first-line option in orthopedics rather than an ultra-specialized weight bearing tool
260 _c2025.
500 _a99
520 _aThe ability to obtain standing, weight-bearing three-dimensional images (WBCT—weight-bearing computed tomography) is just a small part of the revolution brought by cone beam technology, even though it is particularly relevant for foot and ankle imaging. The greatest benefit to patient care comes from the integration of point-of-care and real-time imaging provided by 3D radiography. The aim of this work is to highlight the growing clinical use of CBCT (cone beam computed tomography), particularly WBCT, in foot and ankle assessment. We will address its overall value regarding patient flow by reviewing the technical and historical aspects of the technology. Then, in a chapter focusing on indications, we will differentiate between its use in trauma cases and routine conditions. Finally, we will conclude by discussing expected future developments, including the widespread adoption of this technology as a first-line imaging method in osteoarticular conditions, replacing conventional X-rays. This will also pave the way for artificial intelligence-based software to develop measurement, diagnostic, prognostic, and patient-specific therapeutic tools.
786 0 _nMédecine et chirurgie du pied | 39 | 3 | 2025-04-25 | p. 63-73 | 0759-2280
856 4 1 _uhttps://shs.cairn.info/journal-medecine-et-chirurgie-du-pied-2024-3-page-63?lang=en&redirect-ssocas=7080
999 _c1528731
_d1528731